|
|
|
|
| LEADER |
01089nam a2200265 a 4500 |
| 001 |
00025199 |
| 008 |
120603r20122006enka j 000 1 eng |
| 020 |
|
|
|a 9780194248839
|
| 040 |
|
|
|a BD-DhAAL
|c BD-DhAAL
|
| 082 |
0 |
4 |
|a 428.6
|2 22
|
| 999 |
|
|
|c 12336
|d 12336
|
| 999 |
|
|
|c 12336
|
| 100 |
1 |
|
|a Doyle, Sir Arthur Conan
|9 1821
|
| 245 |
1 |
0 |
|a Sherlock Holmes: The Norwood mystery /
|c Sir Arthur Conan Doyle ;Text adaptation by Jeremy Page ;Illustrated by Susan Scott
|
| 260 |
|
|
|a Oxford :
|b Oxford University Press,
|c c2010.[reprinted 2012]
|
| 300 |
|
|
|a 67 p. :
|b col. ill. ;
|c 21cm.
|
| 440 |
0 |
|
|a Dominoes ;
|v Two
|9 1822
|
| 541 |
1 |
|
|e 00025199
|
| 650 |
|
0 |
|a Detective and mystery stories, English
|v Fiction.
|9 1823
|
| 650 |
|
0 |
|a Readers
|9 171
|
| 700 |
1 |
|
|a Page, Jaremy
|9 1824
|
| 700 |
1 |
|
|a Scott, Susan
|9 1825
|
| 852 |
1 |
|
|a Ayesha Abed library
|c General Shelf
|
| 942 |
|
|
|2 ddc
|c AV
|
| 952 |
|
|
|0 0
|1 0
|2 ddc
|4 0
|6 428_600000000000000_DOY
|7 0
|9 20392
|a BRACUL
|b BRACUL
|c GEN
|d 2012-06-04
|g 165.00
|l 9
|m 63
|o 428.6 DOY
|p 3010025199
|q 2026-06-02
|r 2026-04-18
|s 2026-04-18
|t 1
|w 2012-06-04
|y BK
|x Transferred from BIL to BRACUL on 06/06/22
|